[Event "Olympiad Women-41"]
[Site "Tromsoe"]
[Date "2014.08.06"]
[Round "5.4"]
[White "Thapelo, Francis"]
[Black "Kampimbare, Claudia"]
[Result "1-0"]
[WhiteElo "1723"]
[BlackElo "1698"]
[PlyCount "67"]
[EventDate "2014.08.02"]
[EventType "team-swiss"]
[EventRounds "11"]
[EventCountry "NOR"]
[SourceTitle "CBM 162"]
[Source "ChessBase"]
[SourceDate "2014.09.17"]
[SourceVersion "1"]
[SourceVersionDate "2014.09.17"]
[SourceQuality "1"]
[WhiteTeam "Botswana (W)"]
[BlackTeam "Burundi (W)"]
[WhiteTeamCountry "BOT"]
[BlackTeamCountry "BRI"]

1. e4 e5 2. Nf3 d6 3. d4 Nd7 4. dxe5 dxe5 5. Bc4 Nb6 6. Qxd8+ Kxd8 7. Bxf7 Nf6 8. Bg5 Na4 9. b3 Nb2 10. Nbd2 b6 11. a3 h6 12. Bxf6+ gxf6 13. Ra2 Rh7 14. Bd5 Rg7 15. Bxa8 Rxg2 16. Rg1 Bh3 17. Rxg2 Bxg2 18. Nh4 Bh3 19. Rxb2 Bxa3 20. Ra2 Bc1 21. Rxa7 Kd7 22. Bd5 Be6 23. Bxe6+ Kxe6 24. Rxc7 Ba3 25. Nc4 Bb4+ 26. Ke2 b5 27. Rb7 Bc3 28. Rxb5 h5 29. Rb6+ Ke7 30. Nf5+ Kf7 31. Ncd6+ Kg6 32. h4 Ba5 33. Rb7 Bd8 34. Rg7# 1-0

[Event "Olympiad Women-41"]
[Site "Tromsoe"]
[Date "2014.08.04"]
[Round "3.4"]
[White "Roque Sola, Gisela"]
[Black "Kampimbare, Claudia"]
[Result "1-0"]
[WhiteElo "1882"]
[BlackElo "1698"]
[PlyCount "69"]
[EventDate "2014.08.02"]
[EventType "team-swiss"]
[EventRounds "11"]
[EventCountry "NOR"]
[SourceTitle "CBM 162"]
[Source "ChessBase"]
[SourceDate "2014.09.17"]
[SourceVersion "1"]
[SourceVersionDate "2014.09.17"]
[SourceQuality "1"]
[WhiteTeam "Mexico (W)"]
[BlackTeam "Burundi (W)"]
[WhiteTeamCountry "MEX"]
[BlackTeamCountry "BRI"]

1. c4 Nc6 2. Nc3 e5 3. Nf3 Bd6 4. g3 Nf6 5. Bg2 b6 6. 0-0 Ba6 7. d3 0-0 8. a3 Rb8 9. Qa4 Qc8 10. b4 Nd4 11. Bg5 Be7 12. Nxd4 exd4 13. Bxf6 Bxf6 14. Ne4 Be5 15. f4 Bd6 16. c5 bxc5 17. bxc5 Be7 18. Qxd4 Rb5 19. a4 Ra5 20. Qc3 d5 21. Qxa5 dxe4 22. Bxe4 Qb7 23. Bxb7 Bxb7 24. Qxc7 Bxc5+ 25. Qxc5 Ra8 26. Rab1 Bc8 27. Rfc1 h6 28. Qxc8+ Rxc8 29. Rxc8+ Kh7 30. Rb7 f6 31. Rcc7 Kg6 32. g4 h5 33. Rxg7+ Kh6 34. Rh7+ Kg6 35. Rbg7# 1-0